000 00469nam a2200181Ia 4500
005 20250326142114.0
008 250326s9999 xx 000 0 und d
037 _aTextbook
040 _aFMSL
_beng
_cFMSL
041 _aeng
_2eng
084 _qFMSL
100 _aWinckless K
_9745592
245 0 _aPractice of successful business management
_cWinckless K
260 _aKogan
_bKogan, Page
_c1986
300 _a236p
942 _cTB
999 _c1293462
_d1293462